<?xml version="1.0" encoding="UTF-8"?>
<record
    xmlns:xsi="http://www.w3.org/2001/XMLSchema-instance"
    xsi:schemaLocation="http://www.loc.gov/MARC21/slim http://www.loc.gov/standards/marcxml/schema/MARC21slim.xsd"
    xmlns="http://www.loc.gov/MARC21/slim">

  <leader>01963nam a22003377a 4500</leader>
  <datafield tag="999" ind1=" " ind2=" ">
    <subfield code="c">21729</subfield>
    <subfield code="d">21729</subfield>
  </datafield>
  <controlfield tag="003">AR-CdUCM</controlfield>
  <controlfield tag="008">190425b           ||||| |||| 00| 0 spa d</controlfield>
  <datafield tag="040" ind1=" " ind2=" ">
    <subfield code="a">MUNICIPALIDAD PROVINCIAL DEL CUSCO</subfield>
    <subfield code="c">BIBLIOTECA MUNICIPAL DEL CUSCO</subfield>
  </datafield>
  <datafield tag="082" ind1=" " ind2=" ">
    <subfield code="a">Rev.Univ/N&#xB0;73/1937</subfield>
    <subfield code="b">Rev.Univ/N&#xB0;73/1937</subfield>
  </datafield>
  <datafield tag="110" ind1=" " ind2=" ">
    <subfield code="a">Universidad Nacional de San Antonio Abad del Cusco</subfield>
    <subfield code="9">15942</subfield>
  </datafield>
  <datafield tag="245" ind1=" " ind2=" ">
    <subfield code="a">Revista Universitaria :</subfield>
    <subfield code="b">&#xD3;rgano de la Universidad del Cuzco /</subfield>
  </datafield>
  <datafield tag="260" ind1=" " ind2=" ">
    <subfield code="a">Cusco :</subfield>
    <subfield code="b">H. G. Rozas,</subfield>
    <subfield code="c">1937.</subfield>
  </datafield>
  <datafield tag="300" ind1=" " ind2=" ">
    <subfield code="a">208 p&#xE1;ginas. :</subfield>
    <subfield code="c">20 cm.</subfield>
  </datafield>
  <datafield tag="440" ind1=" " ind2=" ">
    <subfield code="a">Revista Universitaria</subfield>
    <subfield code="n">A&#xF1;o XXVI, 2&#xB0; semestre 1937, N&#xB0;73</subfield>
    <subfield code="9">45890</subfield>
  </datafield>
  <datafield tag="505" ind1=" " ind2=" ">
    <subfield code="a">Contenido: Ampliando el herbarium de la Universidad del Cuzco. C&#xE9;sar Vargas C. -- Contribuci&#xF3;n al estudio de la flora peruana. V. Soukup. -- El estado actual de nuestros conocimientos acerca de la Flora del departamento del Cuzco. Fortunato L. Herrera. -- Un importante aporte del Dr. Melo. -- Hacia la historia del Cuzco. Jos&#xE9; Gabriel Cosio. -- El gran templo de Huiraccocha. V&#xED;ctor M. Guill&#xE9;n. -- Campos de cultivo en andener&#xED;a de los antiguos. Federico Ponce de Le&#xF3;n. -- El divorcio y sus efectos en el nuevo c&#xF3;digo civil. Cesar Augusto Mu&#xF1;iz. -- El mutuo disenso en causal de divorcio absoluto. Francisco Pince de Le&#xF3;n. -- Notas bibliogr&#xE1;ficas. Alfredo Y&#xE9;pez Miranda. -- El alferazgo real de indios en la &#xE9;poca colonial. Jos&#xE9; Uriel Garc&#xED;a.</subfield>
  </datafield>
  <datafield tag="650" ind1=" " ind2=" ">
    <subfield code="a">Historia del Cusco</subfield>
    <subfield code="9">1714</subfield>
  </datafield>
  <datafield tag="650" ind1=" " ind2=" ">
    <subfield code="a">Bot&#xE1;nica cusque&#xF1;a</subfield>
    <subfield code="9">45807</subfield>
  </datafield>
  <datafield tag="650" ind1=" " ind2=" ">
    <subfield code="a">Indigenismo</subfield>
    <subfield code="9">208</subfield>
  </datafield>
  <datafield tag="650" ind1=" " ind2=" ">
    <subfield code="a">Templo de Wiraqocha</subfield>
    <subfield code="9">45891</subfield>
  </datafield>
  <datafield tag="650" ind1=" " ind2=" ">
    <subfield code="a">Raqchi</subfield>
    <subfield code="9">45892</subfield>
  </datafield>
  <datafield tag="650" ind1=" " ind2=" ">
    <subfield code="a">Alferazgo</subfield>
    <subfield code="9">45893</subfield>
  </datafield>
  <datafield tag="700" ind1=" " ind2=" ">
    <subfield code="a">Y&#xE9;pez Miranda, Alfredo</subfield>
    <subfield code="9">4230</subfield>
  </datafield>
  <datafield tag="700" ind1=" " ind2=" ">
    <subfield code="a">Garc&#xED;a, Uriel</subfield>
    <subfield code="9">45894</subfield>
  </datafield>
  <datafield tag="700" ind1=" " ind2=" ">
    <subfield code="a">Ponce de Le&#xF3;n, Francisco</subfield>
    <subfield code="9">29819</subfield>
  </datafield>
  <datafield tag="700" ind1=" " ind2=" ">
    <subfield code="a">Cosio, Jos&#xE9; Gabriel</subfield>
    <subfield code="9">11720</subfield>
  </datafield>
  <datafield tag="700" ind1=" " ind2=" ">
    <subfield code="a">Vargas, C&#xE9;sar</subfield>
    <subfield code="9">45886</subfield>
  </datafield>
  <datafield tag="700" ind1=" " ind2=" ">
    <subfield code="a">Guill&#xE9;n, V&#xED;ctor M</subfield>
    <subfield code="9">45895</subfield>
  </datafield>
  <datafield tag="710" ind1=" " ind2=" ">
    <subfield code="a">Universidad Nacional de San Antonio Abad del Cusco</subfield>
    <subfield code="9">15942</subfield>
  </datafield>
  <datafield tag="942" ind1=" " ind2=" ">
    <subfield code="2">ddc</subfield>
    <subfield code="c">PP</subfield>
  </datafield>
  <datafield tag="945" ind1=" " ind2=" ">
    <subfield code="a">rac</subfield>
  </datafield>
  <datafield tag="952" ind1=" " ind2=" ">
    <subfield code="0">0</subfield>
    <subfield code="2">ddc</subfield>
    <subfield code="4">0</subfield>
    <subfield code="7">0</subfield>
    <subfield code="a">HEM</subfield>
    <subfield code="b">HEM</subfield>
    <subfield code="c">CART</subfield>
    <subfield code="d">2021-04-26</subfield>
    <subfield code="g">10.00</subfield>
    <subfield code="o">Rev.Univ/N&#xB0;73/1937</subfield>
    <subfield code="p">REVC000061</subfield>
    <subfield code="r">2021-04-26</subfield>
    <subfield code="y">PP</subfield>
  </datafield>
</record>
